00262nam a22000977a 4500008004100000020001800041100002100059245002000080260005500100300000900155260429b |||||||| |||| 00| 0 eng d a9789381275580 aNagasampige, A V aVichara Deepthi aBangalorebPoornaprajna Samshodhana Mandiramc2022 a492p